|
|
|
|
| LEADER |
00000nab a2200000 a 4500 |
| 001 |
vtls000796791 |
| 003 |
SK-MaSNL |
| 005 |
20260304103812.0 |
| 008 |
250429c2002 xo 0 slo |
| 015 |
|
|
|a SNBRB2002/06-19056
|
| 035 |
|
|
|a CLN000148446
|
| 035 |
|
|
|a urn:nbn:sk:snk-aber8g
|
| 035 |
|
|
|a (urnnbn)urn:nbn:sk:snk:ar-000fw3
|
| 035 |
|
|
|a (uuid)e403a235-9ab7-402d-aa7a-fc40df66eb27
|
| 040 |
|
|
|a SNKBUCL
|b slo
|c SNKBUCL
|e AACR2
|
| 041 |
0 |
|
|a slo
|
| 044 |
|
|
|a xo
|c SK
|
| 080 |
|
|
|a 886.7-3
|2 1997
|
| 080 |
|
|
|a 886.7-7
|2 1997
|
| 100 |
1 |
|
|a Radev, Nikola
|4 aut
|9 1402839
|
| 245 |
1 |
0 |
|a [Poviedky]
|c Nikola Radev
|
| 505 |
1 |
|
|a Ľudské práva -- Veľká chladnička -- Slovný portrét -- Čukotský lieh
|
| 650 |
0 |
7 |
|a poviedky humoristické bulharské
|2 snkbucl
|9 853506
|
| 655 |
|
7 |
|a články z novín a časopisov
|2 snkbucl
|9 267496
|
| 655 |
|
7 |
|a články z odboru literárna veda a krásna literatúra
|2 snkbucl
|9 770045
|
| 773 |
0 |
|
|t Slovenské pohľady
|g Roč. 4+118, č. 4 (2002), s. 102-106
|
| 850 |
|
|
|a Slovenská národná knižnica
|
| 852 |
|
|
|a Slovenská národná knižnica
|
| 958 |
|
|
|a article27
|
| 958 |
|
|
|a LX
|
| 958 |
|
|
|a BG
|
| 958 |
|
|
|a OND
|
| 958 |
|
|
|a EUIPO
|
| 992 |
|
|
|a RBX
|
| 999 |
|
|
|c 2849813
|d 2851743
|